Gaming Quiz

Random Gaming or Board Games Quiz

True or False Blitz: Gaming Quiz Stats

 Plays Quiz Updated Jun 14, 2017

Support Sporcle.
Go Orange.
Score 0/20 Timer 02:00
1 Play Today
Question Answer Wrong Answers
BOARD GAMES
The original Twister spot colors are red, blue, yellow, and green.
True
87%
False
6.3%
CONSOLE
The 3DS is made by Nintendo.
True
86.9%
False
6.6%
VIDEO GAMES
Goombas are found in the Mario franchise.
True
82.2%
False
11.2%
VIDEO GAMES
Inky, Blinky, Pinky and Clyde are characters in 'Space Invaders'.
False
79%
True
14.4%
GAMING
The '0' on a standard roulette wheel is colored blue.
False
75.3%
True
18%
BOARD GAMES
In chess, it is impossible for a pawn to capture a queen.
False
74.4%
True
19%
GAMING
Opposite numbers on a standard die add to make 8.
False
70.9%
True
22.4%
VIDEO GAMES
Azeroth is the setting for the 'Warcraft' series.
True
70.9%
False
22.2%
TOYS
G.I. Joe is produced by Hasbro.
True
70.9%
False
22.5%
VIDEO GAMES
'Tetris' originated in Russia.
True
69.9%
False
23.6%
CARD GAMES
In Texas hold 'em poker, 'four of a kind' beats 'full house'.
True
69.8%
False
23.5%
BOARD GAMES
One of the characters in Clue(do) is Reverend Peacock.
False
68.1%
True
25.3%
POKÉMON
Bulbasaur is #001 in the Pokédex.
True
67.4%
False
26.2%
BOARD GAMES
In the US version of Monopoly, Ventnor Avenue occupies the position that Coventry Street has in the UK version.
True
63.9%
False
29.2%
BOARD GAMES
A submarine is the smallest type of vessel in Battleship.
False
62.8%
True
30.6%
BOARD GAMES
In Trivial Pursuit, the yellow category is 'science and nature'.
False
55.3%
True
37.9%
VIDEO GAMES
'Street Fighter' was released in 1979.
False
54.9%
True
38.6%
CARD GAMES
In 'Hearts', the Queen of Diamonds is worth 13 points.
False
54.9%
True
38.3%
TOYS
Barbie was launched in the 1930s.
False
43%
True
50.5%
BOARD GAMES
Scrabble is played on a 20×20 board.
False
35.7%
True
57.7%

You're not logged in!

Compare scores with friends on all Sporcle quizzes.
OR
Log In
Forgot?

From the Vault

Weakest Link: 'B' Countries

by themightymoosh

We have a weak spot for Geography quizzes.
Remove Ads.
Support Sporcle.
Get the best of Sporcle when you Go Orange. This ad-free experience offers more features, more stats, and more fun while also helping to support Sporcle. Thank you for becoming a member.

Show Comments

Extras

Top Quizzes Today


Score Distribution

Your Account Isn't Verified!

In order to create a playlist on Sporcle, you need to verify the email address you used during registration. Go to your Sporcle Settings to finish the process.

Report this User

Report this user for behavior that violates our Community Guidelines.

Details: